000 01671cam a2200409 a 4500
001 200404
003 OSt
005 20250118084218.0
008 990715s1999 nyua b 000 1 eng
010 _a 99040615
020 _a0375800395 (trade)
020 _a037590039X
035 _a(DLC) 99040615
040 _aDLC
_cDLC
_dDLC
050 0 0 _aPZ7.P2197
_bJtslm 1999
082 0 0 _a[Fic]
_221
100 1 _aPark, Barbara.
245 1 0 _aJunie B. Jones and the mushy gushy valentime [i.e. valentine] /
_cby Barbara Park ; illustrated by Denise Brunkus.
246 3 _aJunie B. Jones and the mushy gushy valentine
260 _aNew York :
_bRandom House,
_c1999.
300 _a69 p. :
_bill. ;
_c20 cm.
490 1 _aThe Junie B. Jones series ;
_v#14
500 _a"A Stepping Stone book."
520 _aWhen Junie B. Jones receives a mushy gushy "valentime" on Valentine's Day, she tries to find out who in her kindergarten class is her secret admirer.
650 1 _aValentine's Day
_vFiction.
650 1 _aValentines
_vFiction.
650 1 _aKindergarten
_vFiction.
650 1 _aSchools
_vFiction.
700 1 _aBrunkus, Denise,
_eill.
800 1 _aPark, Barbara.
_tJunie B. Jones series ;
_v#14.
856 4 2 _3Contributor biographical information
_uhttp://www.loc.gov/catdir/bios/random059/99040615.html
856 4 2 _3Publisher description
_uhttp://www.loc.gov/catdir/description/random047/99040615.html
906 _a7
_bcbc
_corignew
_d1
_eocip
_f19
_gy-gencatlg
942 _cBK
999 _c30357
_d30355